• 首页
  • 本馆介绍
  • 公告通知
  • 最新文献
  • 馆藏检索
  • 电子资源
  • 读者导购
  • 参考咨询
  • 我的图书馆
  • 登录
  • 期刊详细显示
  • 现刊情况显示
  • 合订本情况显示
  • 篇目信息显示

期刊信息

  • 表格格式
  • 工作单格式
  • 卡片格式
索取号 
Z6/BXSH
题名 
八小时以外
作者 
《八小时以外》杂志编辑部
分册号 
分册名 
出版地 
天津
出版者 
天津人民出版社
标准刊号 
1000-0461
出版频率 
月刊
中图法分类 
Z6
主题词 
期刊; 连续出版物; 报刊; 报纸; 快报
电子资源 
000 00657nas0 2200241 45
001 0734230047
005 2007090409303004
011    @a1000-0461
091    @aCN12-1016
100    @a20070904d km y0chiy0120 ea
101 0  @achi
200 1  @a八小时以外@ABa Xiao Shi Yi Wai@f《八小时以外》杂志编辑部@F《Ba Xiao Shi Yi Wai》Za Zhi Bian Ji Bu
210    @a天津@c天津人民出版社
326    @a月刊
606 0  @a期刊
606 0  @a连续出版物
606 0  @a报刊
606 0  @a报纸
606 0  @a快报
690    @aZ6@v4
711 02 @a《八小时以外》杂志编辑部@A《Ba Xiao Shi Yi Wai》Za Zhi Bian Ji Bu
801  0 @aCN@bPFT@c20070904
905    @a213230@dZ6@eBXSH
    
    八小时以外/《八小时以外》杂志编辑部.-天津:天津人民出版社
    
    
    
    ISSN 1000-0461
    
●
相关链接: 在易读查询期刊 在中国知网中查询期刊 在万方数据查询期刊 在维普查询期刊
唐山师范学院图书馆 欢迎您!
大连网信软件有限公司© 版权所有